[Event "Salon de Provence op 1st"]
[Site "Salon de Provence"]
[Date "2006.04.25"]
[Round "3"]
[White "Ayala, Benjamin"]
[Black "Canonge, Jerome"]
[Result "0-1"]
[WhiteElo "1490"]
[BlackElo "1888"]
[PlyCount "30"]
[EventDate "2006.04.24"]
[EventType "swiss"]
[EventRounds "7"]
[EventCountry "FRA"]
[SourceTitle "CBM 112 Extra"]
[Source "ChessBase"]
[SourceDate "2006.07.14"]
[SourceVersion "1"]
[SourceVersionDate "2006.07.14"]
[SourceQuality "1"]

1. e4 e5 2. Nf3 f5 3. d4 fxe4 4. Nxe5 Nf6 5. Bg5 d6 6. Nc4 d5 7. Ne3 Be6 8. Nc3 c6 9. Be2 Bd6 10. Ng4 Nbd7 11. 0-0 0-0 12. Qd2 Qc7 13. g3 Nxg4 14. Rae1 Ngf6 15. Nd1 Bh3 0-1